Mathematics tomorow

Salvato in:
Dettagli Bibliografici
Altri autori: Steen, Lynn Arthur
Natura: Libro
Lingua:inglese
Pubblicazione: New York Springer 1981
Tags: Aggiungi Tag
Nessun Tag, puoi essere il primo ad aggiungerne!!

MARC

LEADER 00000nam a2200000 4500
001 c138388
005 20230316131447.4
041 0 |a eng 
044 |a US 
245 1 0 |a Mathematics tomorow  |c Edited by Lynn Arthur Steen 
264 1 |a New York  |b Springer  |c 1981 
300 |a 250 s. 
700 1 |a Steen, Lynn Arthur